1643 1468 1849 1460 1865 1337 1730 1613 1426 1645 1766 1808 1605 1111 1720 1442 1822 1648 1387 1921 1774 1495 1934 1984 1641 1009 1396 1774 1961 2000 1553 1042 1351 1044 1798 1991 1222 1073 1593 1515 1686 1640 1341 1084 1299 1983 1524 1226 1716 1614 1236 1084 1089 1615 1215 1916 1654 1985 1970 1297 1151 1119 1305 1551 1617 1535 1768 1313 1777 1539 1057 1894 1010 1707 1947 1248 1284 1774 1714 1611 1488 1185 1765 1113 1425 1533 1107 1193 1305 1098 1904 1349 1714 1778 1447 1760 1534 1191 1442 BCNSPRNW ULIB Ver.6.0+V

เปลี่ยนเป็นภาษาไทย

Change to English
 แสดงรายละเอียดบรรณานุกรม
  กลับหน้าหลัก

Brief Record : Get Marc (ISO 2709) : E-mail record : QR code < ปิดหน้าต่าง
LEADER : 00000nam 2200000uu 4500
001    13399121310
003     ULIB
008    121114s2547||||th 000 0 tha d
020    ^a9742728739
050 04 ^aPN^bส239ส
100 0  ^aสมชาย สำราญเวชพร
245 10 ^aเสียงหัวร่อจากห้องตรวจจิตแพทย์ /^cสมชาย สำราญเวชพร
246 32 ^aการฝึกภาคปฏิบัติการผ่อนคลายกล้ามเนื้อ
250    ^aพิมพ์ครั้งที่ 1
260    ^aกรุงเทพฯ :^bหมอชาวบ้าน,^c2547
300    ^a109 หน้า ;^c19 ซม. +^e1 วีซีดี
500    ^aวีซีดี ให้ชื่อว่า: การฝึกภาคปฏิบัติการผ่อนคลายกล้ามเนื้อ. (CD-Med ส241ก2547)
650  2 ^aPsychiatry^xpopular works
945    ^p130^l0^i24325
995    ^aวิภา
999 ^a ใช้งานได้ทุกระบบ
รายการนี้ยังไม่มีแท็ก
คุณยังไม่ได้ล็อกอิน คุณสามารถมีกิจกรรมร่วมกับเว็บไซต์ได้ แต่ต้องล็อกอินก่อน ::
  ล็อกอิน

รายการสื่อสารสนเทศ

ลำดับที่ ประเภท เลขเรียก/บาร์โค้ด สถานที่ สถานะ
1. วิทยาศาสตร์การแพทย์ และสุขภาพ
วิทยาศาสตร์การแพทย์ และสุขภาพ
PN ส239ส  
  Barcode: 24325
ห้องสมุดวิทยาเขตสวรรค์ประชารักษ์
►หนังสือทั่วไป
บนชั้น

รายการใกล้เคียง
    ผู้แต่ง [สมชาย สำราญเวชพร]

BibComment


ยังไม่เคยถูกคอมเมนท์

คอมเมนท์ทรัพยากรรายการนี้
  คอมเมนท์: เสียงหัวร่อจากห้..


 Copyright 2026. Bcnsprnw @Library